|
|
|
|
| LEADER |
00000nab a2200000 ar4500 |
| 001 |
vtls008901771 |
| 003 |
SK-MaSNL |
| 005 |
20260304001414.0 |
| 008 |
061222c20061110xo |||||||||||000 b|slo |
| 015 |
|
|
|a SNBRB2006/12
|2 snkbucl
|
| 038 |
|
|
|a SNKBUCL
|
| 040 |
|
|
|a SNKBUCL
|b slo
|c SNKBUCL
|e AACR2
|
| 041 |
0 |
|
|a slo
|
| 044 |
|
|
|a xo
|c SK
|
| 080 |
|
|
|a 621.43.03
|2 1997
|
| 080 |
|
|
|a 631.372
|2 1997
|
| 080 |
|
|
|a 629.366.014.2
|2 1997
|
| 100 |
1 |
|
|a Jablonický, Juraj,
|d 1976-
|4 aut
|9 192954
|
| 245 |
1 |
0 |
|a Palivová sústava moderných motorov
|c Juraj Jablonický, Zdenko Tkáč
|
| 300 |
|
|
|b Obr.
|
| 650 |
0 |
7 |
|a spaľovacie motory
|2 snkbucl
|9 67366
|
| 650 |
0 |
7 |
|a palivová sústava
|2 snkbucl
|9 93852
|
| 650 |
0 |
7 |
|a traktory
|2 snkbucl
|9 26007
|
| 700 |
1 |
|
|a Tkáč, Zdenko,
|d 1974-
|4 aut
|9 192955
|
| 773 |
0 |
|
|t Sme. Roľnícke noviny
|g Č. 259 (10.11.2006)
|x 1335-440X
|
| 773 |
0 |
8 |
|i Príl.:
|t Roľnícke noviny
|g Č. 46 (10.11.2006), s. 12
|
| 852 |
|
|
|a SNK
|b KIS3GCP
|
| 999 |
|
|
|c 2536613
|d 2538543
|